I've put the bomb there (Record no. 74141)

MARC details
000 -LEADER
fixed length control field 01709cab a2200229 4500
001 - CONTROL NUMBER
control field ABS67449
008 - FIXED-LENGTH DATA ELEMENTS--GENERAL INFORMATION
fixed length control field 040206n2004 000 0 eng u
035 ## - SYSTEM CONTROL NUMBER
System control number (Sirsi) u125079
100 ## - MAIN ENTRY--PERSONAL NAME
Personal name Yule, I.
245 ## - TITLE STATEMENT
Title I've put the bomb there
260 ## - PUBLICATION, DISTRIBUTION, ETC.
Date of publication, distribution, etc. 2004
490 ## - SERIES STATEMENT
Series statement Building
Volume/sequential designation 269(8316) 23 January 2004, 52(1)
520 ## - SUMMARY, ETC.
Summary, etc. Examines the consequences of a the case Six Continents Ltd vs Carford Catering. Here, Carford, (a firm of project managers) had been employed to manage the design and installation of kitchen equipment. A fire later occurred at the restaurant and the owners sued Carford for losses caused by the fire as the manufacturing instructions made it clear that under no circumstances should a unit be fitted directly onto a heat sensitive surface. Carford responded by arguing that during an inspection its engineer had made a constructive recommendation in a warning letter that may have prevented the fire. In the CA the judge noted that it was very difficult to see how such a letter could rescue Carford as their contract required them to take steps to prevent fire not simply to warn about its risks. The CA approach was influenced by Fairchild vs Glenhaven Funeral services Ltd ([2002] UKHL 22, Abs 65719) where a worker had contracted an industrial disease through inhaling asbestos dust and the HL had concluded that both the employers were liable allowing the client to receive damages
590 ## - LOCAL NOTE (RLIN)
Local note ABS
650 ## - SUBJECT ADDED ENTRY--TOPICAL TERM
Topical term or geographic name entry element SIX CONTINENTS LTD V CARFORD CATERING
650 ## - SUBJECT ADDED ENTRY--TOPICAL TERM
Topical term or geographic name entry element FAIRCHILD V GLENHAVEN FUNERAL SERVICE LTD AND OTHERS
650 ## - SUBJECT ADDED ENTRY--TOPICAL TERM
Topical term or geographic name entry element PROJECT MANAGER
650 ## - SUBJECT ADDED ENTRY--TOPICAL TERM
Topical term or geographic name entry element FIRE PREVENTION
650 ## - SUBJECT ADDED ENTRY--TOPICAL TERM
Topical term or geographic name entry element DESIGN MANAGEMENT
690 ## - LOCAL SUBJECT ADDED ENTRY--TOPICAL TERM (OCLC, RLIN)
Topical term or geographic name as entry element Project management
9 (RLIN) 6261
942 ## - ADDED ENTRY ELEMENTS (KOHA)
Suppress in OPAC 0
Holdings
Withdrawn status Lost status Source of classification or shelving scheme Damaged status Not for loan Home library Current library Shelving location Date acquired Total Checkouts Full call number Barcode Date last seen Copy number Price effective from Koha item type
    Dewey Decimal Classification     London London Journal article 06/02/2004   ABS67449 125079-1001 06/08/2019 1 06/08/2019 Journal article